• 首页
  • 本馆介绍
  • 公告通知
  • 最新文献
  • 馆藏检索
  • 电子资源
  • 读者导购
  • 参考咨询
  • 我的图书馆
  • 登录
  • 详细信息显示
  • 放入我的书架
  • 预约/预借图书
  • 作者相关作品
  • 分类相关作品
  • 丛书相关作品
  • 出版社相关作品

书目信息

  • 表格格式
  • 工作单格式
  • 卡片格式
题名:
无机及分析化学学习指导
    
 
作者: 陈素清 , 梁华定 主编
分册:  
出版信息: 杭州   浙江大学出版社  2013
页数: 260页
开本: 26cm
丛书名:
单 册:
中图分类: O61 , O65
科图分类:
主题词: 无机化学--高等学校--教学参考资料 , 分析化学--高等学校--教学参考资料 , 无机化学 , 分析化学
电子资源:
ISBN: 978-7-308-11011-2
000 01214nam0 2200313 450
001 012015000215
005 20150914154354.82
010    @a978-7-308-11011-2@dCNY30.00
100    @a20130425d2013 em y0chiy50 ea
101 0  @achi
102    @aCN@b330000
105    @ay z 000yy
106    @ar
200 1  @a无机及分析化学学习指导@Awu ji ji fen xi hua xue xue xi zhi dao@dInorganic and analytical chemistry@f陈素清,梁华定主编@zeng
210    @a杭州@c浙江大学出版社@d2013
215    @a260页@d26cm
300    @a高等院校化学化工类专业系列教材
330    @a本书是《无机及分析化学》的配套学习指导书,章节顺序与教材完全一致,涵盖化学反应的基本原理、物质结构基础、元素化学、定量分析基础、酸碱平衡与酸碱滴定等内容。每一章由知识结构、重点知识剖析及例解、课后习题选解、自测题及答案四部分组成。
510 1  @aInorganic and analytical chemistry@zeng
606 0  @a无机化学@x高等学校@j教学参考资料
606 0  @a分析化学@x高等学校@j教学参考资料
606 0  @a无机化学
606 0  @a分析化学
690    @aO61@v5
690    @aO65@v5
701  0 @a陈素清@Achen su qing@c(女,@f1978~)@4主编
701  0 @a梁华定@Aliang hua ding@f(1964~)@4主编
801  0 @aCN@b碧洲教育@c20150716
905    @a10447@f2@dO61@e162
    
    无机及分析化学学习指导=Inorganic and analytical chemistry/陈素清,梁华定主编.-杭州:浙江大学出版社,2013
    260页;26cm
    高等院校化学化工类专业系列教材
    
    ISBN 978-7-308-11011-2:CNY30.00
    本书是《无机及分析化学》的配套学习指导书,章节顺序与教材完全一致,涵盖化学反应的基本原理、物质结构基础、元素化学、定量分析基础、酸碱平衡与酸碱滴定等内容。每一章由知识结构、重点知识剖析及例解、课后习题选解、自测题及答案四部分组成。
●
相关链接 在E读中查询图书 在五车中查询图书 在当当中查询图书 在豆瓣中查询图书


正题名:无机及分析化学学习指导     索取号:O61/162         预约/预借

序号 登录号 条形码 馆藏地/架位号 状态 备注
1 0870226   208702260   密集书库-化学系/ [索取号:O61/162] 在馆    
2 0870227   208702279   第三借阅区/ [索取号:O61/162] 在馆    
唐山师范学院图书馆 欢迎您!
大连网信软件有限公司© 版权所有